| 000 | 00954nmc a2200301 a 4500 | ||
|---|---|---|---|
| 003 | AR-BaBNM | ||
| 005 | 20251128204635.0 | ||
| 008 | 011101s1988 ||||||||||||||000 | spa|| | ||
| 040 | _cAR-BaBNM | ||
| 100 | 1 | _aBozzini de Marrazzo, María Cristina | |
| 245 | 1 | 0 |
_aGuía de educación física para los jardines de infantes _bbaterías de planes para niveles de cuatro y cinco años. Ejercitaciones para la expresión corporal |
| 250 | _a3ª ed. | ||
| 260 |
_aBuenos Aires _bCiordia _c1988 |
||
| 300 | 0 |
_a95 p. _bil. |
|
| 490 | 0 | _aInformación didáctica | |
| 650 | 4 | _aEDUCACION FISICA | |
| 650 | 4 | _aJUEGOS EDUCATIVOS | |
| 650 | 4 | _aACTIVIDADES INTEGRADAS | |
| 650 | 4 | _aPLANES DE CLASE | |
| 650 | 4 | _aPROGRAMAS DE ENSENANZA | |
| 653 | 0 | _aJARDINES DE INFANTES | |
| 653 | 0 | _aEDUCACION INICIAL | |
| 653 | 0 | _aEXPRESION CORPORAL | |
| 700 | 1 | _aMarrazo, Teófilo Mario | |
| 700 | 1 |
_aCiordia, Zulema _eilustrador |
|
| 942 | _cBK | ||
| 998 | _cCARMEN | ||
| 999 |
_c8197 _d8197 |
||